| 000 | 01191nam a2200349 i 4500 | ||
|---|---|---|---|
| 003 | EG-GICUC | ||
| 005 | 20260507172228.0 | ||
| 008 | 260507s1976 fr ||||fr|||| 00| 0 fre d | ||
| 020 | _a2275013962 | ||
| 040 |
_aEG-GiCUC _bfre _cEG-GiCUC _dEG-GiCUC _eRda |
||
| 041 | _afre | ||
| 082 | 0 | 4 |
_221 _a345.21 _bDE.U |
| 092 | 0 | 4 | _221 |
| 099 | _aLaw1 07 345.21 DE.U 1976 | ||
| 100 | 1 |
_a Delcros , Bertrand _eAuteur |
|
| 245 |
_aL'Unité De La Personnalité Juridique De L'État : _bEtude Sur Les Services Non Personnalisés De L'État / _cBertrand Delcros . |
||
| 264 |
_aParis : _bLIBRAIRIE GÉNÉRALE DE DROIT ET DE JURISPRUDENCE , _c1976 . |
||
| 300 |
_a322 page ; _c 24 cm. |
||
| 336 |
_2rda contenu _a texte |
||
| 337 |
_2rda medias _aOrdinateur |
||
| 338 |
_2 transporteur rda _a Ressource en ligne |
||
| 490 |
_aBIBLIOTHÈQUE DE DROIT PUBLIC ; _vVol.122 |
||
| 546 | _aTexte en français | ||
| 650 | 1 | _aDroit administratif | |
| 650 | 1 | _aOrganisation administrative | |
| 650 | 1 | _aPersonnalité juridique | |
| 651 | 1 | _2qrmak | |
| 700 | 1 |
_aROLAND DRAGO _ePréfacier |
|
| 856 | 4 | 0 | _uhttps://fll.law.cu.edu.eg/fulltext/bks/B07-05420.pdf |
| 905 | _a60 | ||
| 942 |
_2ddc _cBK _e21 _n0 |
||
| 999 |
_c76202 _d76202 |
||